| 000 | 00504nam a22001695i 4500 | ||
|---|---|---|---|
| 001 | 54341 | ||
| 003 | ES-MaACL | ||
| 007 | t| | ||
| 008 | 960717s1900 sp ||||1| spa d | ||
| 040 |
_aCAM _bspa _cCAM |
||
| 100 | 1 |
_aFola Igúrbide, José. _951435 |
|
| 245 | 1 | 0 |
_aTeoría trascendental de la evolución del círculo / _cpor José Fola Igúrbide. |
| 260 |
_aBarcelona : _bJ. Roma, _c1900. |
||
| 300 |
_a55, [1] p. ; _c28 cm. |
||
| 500 | _aEn la port.: Segunda sección. | ||
| 852 |
_aES-MaACL _jG-11843 |
||
| 999 |
_c54341 _d54341 |
||